Least to Most Common Ways to Die - Statistics

General Stats
  • This quiz has been taken 112 times
    103 since last reset
  • The average score is 26 of 54
Answer Stats
Picture Hint Answer % Correct
(1 in 8,000,000) Shark Bite
90%
(1 in 1,500) Fire
88%
(1 in 60,000) Twister
86%
(1 in 115,000) Dog Attack
81%
(1 in 1,000) Drowning
81%
(1 in 6,000,000) Scorpion
80%
(1 in 862,000) Spider Bite
80%
(1 in 900) Traffic Accident
79%
(1 in 162,000) Lightning Strike
78%
(1 in 3,500,000) Slipping on Banana
78%
(1 in 340,000) Firework Accident
74%
(46,400) Hornet Sting
74%
(1 in 3,000,000) Alligator
73%
(1 in 31) Stroke
73%
(1 in 133) Falling
72%
(1 in 249) Murder
72%
(1 in 100,000,000) Video Game Exhaustion
72%
(1 in 125,000,000) Drink Machine
67%
(1 in 200,000) Plane Crash
65%
(1 in 9) Cancer
64%
(1 in 130,000) Earthquake
63%
(1 in 75,000,000) Asteroid Impact
59%
(1 in 134,000) Escalator
59%
(1 in 56) Suicide
56%
(1 in 2,075) Poison
54%
(1 in 450,000) Avalanche
53%
(1 in 500,000) Snake Bite
49%
(1 in 39,800,000 Waterspout
49%
(1 in 1) Dying Someday
46%
(1 in 358) Firearms
46%
(1 in 59) Diabetes
42%
(1 in 11,000) Alcohol and Drugs
41%
(1 in 3,500) Choking and Suffocation
41%
(1 in 15,200) Electricity and Radiation
41%
(1 in 47) Alzheimer's Disease
37%
(1 in 4,000) Bicycle Accident
36%
(1 in 75,000) Execution
33%
(1 in 1,880) Stairs
33%
(1 in 64,000) Tsunami
30%
(1 in 5) Heart Disease
25%
(1 in 21,000,000,000) Space Junk
22%
(1 in 13,300,000) Hail
21%
(1 in 3,500) Natural Disaster
17%
(1 in 400,000) Crushed by Tree
14%
(1 in 25) Covid 19
12%
(1 in 10,200) Heat Stroke
12%
(1 in 4,240) Crushed by Furniture
11%
(1 in 685,000) Bathroom Accident
7%
(1 in 27,400) Blades
6%
(1 in 1,900,000) Mudslide
5%
(1 in 1,350) Gasses
4%
(1 in 6,900) Manslaughter
4%
(1 in 22,000,000) Ball Lightning
2%
(1 in 24,800,000) Dust Devil
2%
No matching quizzes found
Score Distribution
Percent of People with Each Score
Percentile by Number Answered
Your Score History
You have not taken this quiz since the last reset